Loading...
| History - American History | 2 | 0 | 0 | 0 | 30 | 38 | 43.50 | 1 | 2 |
| Fine Arts - Other Fine Arts | 0 | 3 | 0 | 2 | 30 | 119 | 135.67 | 0 | 0 |
| Science - Other Science | 0 | 3 | 0 | 0 | 30 | 72 | 94.00 | 0 | 0 |
| Religion | 1 | 1 | 1 | 0 | 20 | 47 | 73.00 | 0 | 1 |
| Social Science | 1 | 0 | 0 | 0 | 15 | 36 | 36.00 | 1 | 1 |
| Literature - American Literature | 1 | 0 | 0 | 0 | 15 | 61 | 61.00 | 0 | 1 |
| Literature - European Literature | 1 | 0 | 0 | 0 | 15 | 63 | 63.00 | 0 | 1 |
| Literature - British Literature | 0 | 1 | 0 | 0 | 10 | 78 | 78.00 | 0 | 1 |
| Science - Physics | 0 | 1 | 0 | 1 | 10 | 123 | 123.00 | 0 | 0 |
| History - European History | 0 | 1 | 0 | 0 | 10 | 123 | 123.00 | 0 | 0 |
| History - World History | 0 | 0 | 1 | 0 | -5 | 0.00 | 0 | 0 | |
| Science - Chemistry | 0 | 0 | 1 | 0 | -5 | 0.00 | 0 | 0 | |
| Philosophy | 0 | 0 | 1 | 0 | -5 | 0.00 | 0 | 0 | |
| Literature - World Literature | 0 | 0 | 1 | 0 | -5 | 0.00 | 0 | 0 |